000 00397nam a22001697a 4500
005 20160629122438.0
008 160629b xxu||||| |||| 00| 0 eng d
020 _a81-297-0424-2
041 _aeng
082 _b10803
100 _aJensen, Keld and UNT Iwar
_93030
245 _aNegotiating Partnerships
260 _bPearson
_c2004
300 _a222
650 _aManagement
_9241
942 _cBK
999 _c4640
_d4638